| 000 | 00664nam a2200241Ia 4500 | ||
|---|---|---|---|
| 003 | OSt | ||
| 005 | 20221005050542.0 | ||
| 006 | a|||||r|||| 00| 0 | ||
| 007 | ta | ||
| 008 | 221004b |||||||| |||| 00| 0 per d | ||
| 024 | _a7431 | ||
| 037 | _cTextual | ||
| 040 |
_aCRL _cCRL _bper |
||
| 041 |
_2per _aper |
||
| 082 | _aO164,1M76:g, M7 | ||
| 100 |
_aMunawwar Mohammad Au. _9594866 |
||
| 245 | 0 | _aGhazal Farsi Allama Iqbal | |
| 260 |
_aLahore _bIqbal Academy Pakistan Pakistan _c1987 |
||
| 300 |
_a190p. _ccm. |
||
| 650 | _aPERSIAN POETRY | ||
| 942 |
_hO164,1M76:g, M7 _cTEXL _2cc |
||
| 999 |
_c957240 _d957240 |
||